Residuos sólidos: un enfoque multidisciplinario.
Guardat en:
| Autor principal: | |
|---|---|
| Format: | Llibre |
| Idioma: | espanyol |
| Publicat: |
s.l.
LibrosEnRed.
2011
|
| Matèries: | |
| Etiquetes: |
Afegir etiqueta
Sense etiquetes, Sigues el primer a etiquetar aquest registre!
|
MARC
| LEADER | 00000cam a2200000 a 4500 | ||
|---|---|---|---|
| 001 | UCC0846 | ||
| 003 | CL-VaPUC | ||
| 005 | 20250326101858.0 | ||
| 008 | 170908e20110000us |||||||||||||||||spa|d | ||
| 999 | |c 369535 |d 369533 | ||
| 020 | |a 9781597545846 (v.1) | ||
| 020 | |a 9781597547406 (v.2) | ||
| 040 | |c Pontificia Universidad Católica de Valparaíso | ||
| 082 | 0 | 4 | |a 628.44 MAR 2011 |2 21 |
| 100 | |a Márquez-Benavides, Liliana |e autora |9 594842 | ||
| 245 | 1 | 0 | |a Residuos sólidos: un enfoque multidisciplinario. |
| 260 | |a s.l. |b LibrosEnRed. |c 2011 | ||
| 300 | |a v | ||
| 583 | |a last modification |c 20170908 13:53:00 |k Rodrigo Vera | ||
| 650 | 0 | |a Reciclaje |9 382935 | |
| 650 | 7 | |a RECICLAJE DE RESIDUOS SOLIDOS |2 CL-VaPUC |9 594843 | |
| 650 | 0 | |a Residuos sólidos |9 367336 | |
| 650 | 0 | |a Protección del medio ambiente |9 257626 | |
| 942 | |c BK |2 ddc | ||
| 945 | |d 20170908 13:53:00 |a dcastane | ||
| 952 | |0 0 |1 0 |2 ddc |3 erb |4 0 |6 628_440000000000000_MAR_2011 |7 0 |8 A |9 485404 |a BIBING |b BIBING |h v.1 |i 5423716 |o 628.44 MAR 2011 |p 5423716 |r 2025-01-20 |t 1 |w 2019-11-24 |y BK |z Catalogado en:20170908 |k EIB | ||
| 952 | |0 0 |1 0 |2 ddc |3 erb |4 0 |6 628_440000000000000_MAR_2011 |7 0 |8 A |9 485405 |a BIBING |b BIBING |h v.1 |i 5423724 |l 2 |o 628.44 MAR 2011 |p 5423724 |r 2025-01-20 |s 2022-03-31 |t 1 |w 2019-11-24 |y BK |z Catalogado en:20170908 |k EIB | ||
| 952 | |0 0 |1 0 |2 ddc |3 erb |4 0 |6 628_440000000000000_MAR_2011 |7 0 |8 A |9 485406 |a BIBING |b BIBING |h v.1 |i 5423732 |o 628.44 MAR 2011 |p 5423732 |r 2025-01-20 |t 1 |w 2019-11-24 |y BK |z Catalogado en:20170908 |k EIB | ||
| 952 | |0 0 |1 0 |2 ddc |3 erb |4 0 |6 628_440000000000000_MAR_2011 |7 0 |8 A |9 485407 |a BIBING |b BIBING |h v.2 |i 5423767 |o 628.44 MAR 2011 |p 5423767 |r 2025-01-20 |t 1 |w 2019-11-24 |y BK |z Catalogado en:20170908 |k EIB | ||
| 952 | |0 0 |1 0 |2 ddc |3 erb |4 0 |6 628_440000000000000_MAR_2011 |7 0 |8 A |9 485408 |a BIBING |b BIBING |h v.2 |i 5423759 |o 628.44 MAR 2011 |p 5423759 |r 2025-01-20 |t 1 |w 2019-11-24 |y BK |z Catalogado en:20170908 |k EIB | ||
| 952 | |0 0 |1 0 |2 ddc |3 erb |4 0 |6 628_440000000000000_MAR_2011 |7 0 |8 A |9 485409 |a BIBING |b BIBING |h v.2 |i 5423740 |o 628.44 MAR 2011 |p 5423740 |r 2025-01-20 |t 1 |w 2019-11-24 |y BK |z Catalogado en:20170908 |k EIB | ||